| 000 | 00501nam a22001577a 4500 | ||
|---|---|---|---|
| 999 |
_c511434 _d511434 |
||
| 008 | 190923b ||||| |||| 00| 0 eng d | ||
| 100 |
_aMohapatra, Amiya Kumar _911168 |
||
| 245 | _aSwachh Bharat Mission (Gramin): Translating mission into milestone | ||
| 260 | _bKurukshetra | ||
| 300 | _a67(9), Jul, 2019: p.40-44. | ||
| 650 |
_aSwachh Bharat Mission (Gramin) _911169 |
||
| 700 |
_aIyer, Vidhya Mahesh _911170 |
||
| 773 | _a67(9), Jul, 2019: p.40-44. | ||
| 906 | _aSanitation | ||
| 942 |
_2ddc _cAR |
||